Normal view MARC view

Entry Uniform Title

Number of records used in: 2

001 - CONTROL NUMBER

  • control field: 26680

003 - CONTROL NUMBER IDENTIFIER

  • control field: dpl

005 - DATE AND TIME OF LATEST TRANSACTION

  • control field: 20110318115812.0

008 - FIXED-LENGTH DATA ELEMENTS

  • fixed length control field: 110318|||a|||||| | ||| d

040 ## - CATALOGING SOURCE

  • Original cataloging agency: dpl
  • Transcribing agency: dpl

130 ## - HEADING--UNIFORM TITLE

  • Uniform title: Vikas-WBUT students' series

670 ## - SOURCE DATA FOUND

  • Source citation: Work cat.: (dpl): 26630 Ghosh, B. B., Engineering mechanics :, 2010

670 ## - SOURCE DATA FOUND

  • Source citation: Work cat.: (dpl): 26630 Ghosh, B. B., Engineering mechanics :, 2010

© Delhi Public Library
Hit Counter
free hit counter